000 00408cam a2200157ua 4500
041 _aeng
_h
082 _a621.43
_bRIC/HI
100 _aRicardo, Sir Harry R .
245 _aHigh speed internal combustion engine /
_cSir Harry Ricardo.
_hTextual Documents
250 _a4 /
_b.
260 _aLondon :
_bBlackie & Son Ltd ,
_c1962.
300 _a414 ; .
504 _a
942 _cBK
999 _c8736
_d8736